000 00722nam a2200265Ia 4500
005 20260121165543.0
008 008 260114s9999 xx 000 0 eng d
020 _a9783319177953
037 _aEBOOK
040 _aCRL
040 _beng
040 _cCRL
041 _2eng
041 _aeng
084 _qCRL
100 _aDenise De Micheli, André Luiz Monezi Andrade, Eroy Aparecida da Silva, Maria Lucia Oliveira de Souza Formigoni
_91053148
245 0 _aDrug Abuse in Adolescence
260 _bSpringer
260 _bSpringer
260 _c2016
856 _uhttps://link.springer.com/openurl?genre=book&isbn=978-3-319-17795-3
942 _cEBOOK
999 _c1618874
_d1618874